| 000 | 00570 a2200217 4500 | ||
|---|---|---|---|
| 005 | 20260204144519.0 | ||
| 008 | 260204b |||||||| |||| 00| 0 eng d | ||
| 020 |
_a9783540307006 _c€ 129.99 |
||
| 040 | _aMAIN | ||
| 082 |
_a571.4 _bA69A |
||
| 100 | _aArrondo, J L R | ||
| 245 | _aAdvanced techniques in biophysics | ||
| 260 |
_bSpringer-Verlag _c2006 _aBerlin |
||
| 300 | _axiv, 280 | ||
| 440 | _aSpringer series in biophysics; 10 | ||
| 650 | _aPhysiology | ||
| 650 | _aBiophysics | ||
| 650 | _aMicrobiology | ||
| 700 | _aAlonso, Alicia, ed. | ||
| 942 | _cBK | ||
| 999 |
_c395836 _d395836 |
||